[Event "Tenerife-ch (Women)"]
[Site "Tenerife"]
[Date "2020.01.27"]
[Round "6"]
[White "Gil Ojeda, Lucia"]
[Black "Rodriguez Redondo, Adhara"]
[Result "1/2-1/2"]
[WhiteElo "1597"]
[BlackElo "2039"]
[PlyCount "48"]
[EventDate "2020.01.15"]
[EventType "tourn"]
[EventRounds "7"]
[EventCountry "ESP"]
[SourceTitle "CBM 195 Extra"]
[Source "ChessBase"]
[SourceDate "2020.05.31"]
[SourceVersion "1"]
[SourceVersionDate "2020.05.31"]
[SourceQuality "1"]

1. e4 e5 2. Nf3 Nc6 3. Nc3 Nf6 4. d4 exd4 5. Nxd4 Bb4 6. Nxc6 bxc6 7. Bd3 0-0 8. 0-0 d5 9. exd5 cxd5 10. Bg5 c6 11. Qf3 h6 12. Bf4 Bd6 13. Rae1 Rb8 14. b3 Rb4 15. Bxd6 Qxd6 16. h3 Be6 17. Ne2 c5 18. c3 Rb6 19. Nf4 Bc8 20. Re2 Bb7 21. Nh5 Nxh5 22. Qxh5 Qf6 23. c4 Rd6 24. Rfe1 dxc4 1/2-1/2

[Event "Tenerife-ch Juniors"]
[Site "Santa Cruz"]
[Date "2019.02.06"]
[Round "2.1"]
[White "Perez Perez, Gabriel"]
[Black "Gil Ojeda, Lucia"]
[Result "1-0"]
[WhiteElo "2097"]
[BlackElo "1485"]
[PlyCount "223"]
[EventDate "2019.02.01"]
[EventType "tourn"]
[EventRounds "7"]
[EventCountry "ESP"]
[SourceTitle "EXT 2024"]
[Source "ChessBase"]
[SourceDate "2023.10.10"]
[SourceVersion "1"]
[SourceVersionDate "2023.10.10"]
[SourceQuality "1"]

1. Nf3 c5 2. e4 Nc6 3. Bb5 g6 4. 0-0 Bg7 5. c3 e5 6. Na3 Nge7 7. Re1 0-0 8. Nc2 a6 9. Bf1 d5 10. exd5 Nxd5 11. d4 cxd4 12. cxd4 exd4 13. Ncxd4 Bg4 14. Nxc6 bxc6 15. h3 Bf5 16. Nd4 Bd7 17. Bc4 Qb6 18. Nb3 Be6 19. Qf3 Qb4 20. Nd2 Bh6 21. a3 Qb6 22. b4 Bg7 23. Rb1 Nc3 24. Rb3 Nd5 25. Ne4 Qd4 26. Bf1 Qb6 27. Nc5 Nc7 28. Nxe6 Nxe6 29. Qg4 Rae8 30. Rbe3 Bd4 31. R3e2 Ng7 32. Rxe8 Bxf2+ 33. Kh1 Nxe8 34. Rd1 Ng7 35. Bg5 Nf5 36. Rd3 Qb5 37. Bf4 Re8 38. Kh2 Qb6 39. Rd1 Re4 40. Rd3 Re1 41. Rd1 Re4 42. Bd3 Bg3+ 43. Bxg3 Rxg4 44. hxg4 Nxg3 45. Kxg3 Qe3+ 46. Kh2 Qf4+ 47. g3 Qxg4 48. Rf1 Qh5+ 49. Kg1 Qg5 50. Rf3 Qc1+ 51. Bf1 Qd2 52. Bxa6 Qd4+ 53. Kg2 Qd2+ 54. Kf1 Qd1+ 55. Kf2 Qd4+ 56. Re3 Qf6+ 57. Kg2 Qb2+ 58. Be2 Qa2 59. Kf2 Kg7 60. Rc3 Qd5 61. Ke3 Qe5+ 62. Kd2 Qd5+ 63. Kc1 Qg5+ 64. Kc2 Qf5+ 65. Kb3 Qd5+ 66. Bc4 Qd1+ 67. Kb2 Qd2+ 68. Rc2 Qd4+ 69. Ka2 Qd6 70. Bb3 Qxg3 71. a4 Qb8 72. Ka3 Qb7 73. a5 Qb5 74. Rc5 Qa6 75. Bc4 Qb7 76. a6 Qb6 77. Re5 Qa7 78. Kb3 h5 79. Rc5 Qb6 80. Re5 Qa7 81. Re1 h4 82. Rh1 g5 83. Kc3 Qe3+ 84. Bd3 Qe5+ 85. Kc2 Qd5 86. Ra1 Qg2+ 87. Kb3 Qg4 88. Kc2 Qg2+ 89. Kc3 h3 90. a7 h2 91. a8Q h1Q 92. Rxh1 Qxh1 93. Qd8 Qc1+ 94. Bc2 Qa3+ 95. Kc4 Qa6+ 96. Kb3 Qb5 97. Qd4+ Kg8 98. Be4 f5 99. Qd8+ Kf7 100. Qd7+ Kg8 101. Qxf5 Qxf5 102. Bxf5 Kf7 103. Be4 Ke7 104. Bxc6 Kd6 105. b5 Kc5 106. Ka4 Kb6 107. Kb4 g4 108. Bd5 g3 109. Bg2 Kc7 110. Kc5 Kb8 111. Kb6 Kc8 112. Ka7 1-0

[Event "Tenerife-chT Primera 1819"]
[Site "Tenerife"]
[Date "2019.01.26"]
[Round "6.3"]
[White "Gil Ojeda, Lucia"]
[Black "Marrero Martin, Manuel"]
[Result "0-1"]
[WhiteElo "1502"]
[BlackElo "1829"]
[PlyCount "118"]
[EventDate "2018.11.24"]
[EventType "team-tourn"]
[EventRounds "14"]
[EventCountry "ESP"]
[SourceTitle "CBM 189 Extra"]
[Source "ChessBase"]
[SourceDate "2019.05.31"]
[SourceVersion "1"]
[SourceVersionDate "2019.05.31"]
[SourceQuality "1"]
[WhiteTeam "Fundacion La Caja de Canarias II"]
[BlackTeam "El Sauzal Libreria Barco"]
[WhiteTeamCountry "ESP"]
[BlackTeamCountry "ESP"]

1. e4 e5 2. Nf3 d6 3. Nc3 Nd7 4. d4 c6 5. Be3 Be7 6. Be2 Ngf6 7. h3 Qc7 8. 0-0 h6 9. Qd2 Nf8 10. Ne1 g5 11. f3 Ng6 12. Nd3 Nh5 13. dxe5 dxe5 14. Nf2 Be6 15. Rad1 Rd8 16. Qc1 Nhf4 17. Rxd8+ Bxd8 18. Qd2 Be7 19. Rd1 b6 20. a3 Qc8 21. Bxf4 Nxf4 22. Bf1 h5 23. Ne2 Ng6 24. Qc3 f6 25. b4 c5 26. Qb2 g4 27. Qc3 gxh3 28. Nxh3 cxb4 29. axb4 Qxc3 30. Nxc3 Bxb4 31. Nd5 Bc5+ 32. Kh1 Bxd5 33. exd5 Ke7 34. c4 Nh4 35. Ng1 Nf5 36. Ne2 Ne3 37. Rc1 a5 38. Nc3 f5 39. Na4 Kd6 40. Rb1 Rb8 41. Be2 Bb4 42. Nb2 Rg8 43. Bf1 e4 44. fxe4 fxe4 45. Na4 Rf8 46. Be2 Kc7 47. Kg1 h4 48. Rb3 Nc2 49. Rh3 Rf4 50. g3 hxg3 51. Rxg3 Rf6 52. Rg7+ Kd6 53. Nxb6 Bc5+ 54. Kg2 Bxb6 55. Rb7 Kc5 56. Re7 e3 57. Kg3 a4 58. Bd1 Nd4 59. Rxe3 Nf5+ 0-1

[Event "Tenerife-chT Primera 1819"]
[Site "Tenerife"]
[Date "2018.12.15"]
[Round "3.4"]
[White "Gil Ojeda, Lucia"]
[Black "Sosa Rodriguez, Daniel"]
[Result "0-1"]
[WhiteElo "1502"]
[BlackElo "1503"]
[PlyCount "80"]
[EventDate "2018.11.24"]
[EventType "team-tourn"]
[EventRounds "14"]
[EventCountry "ESP"]
[SourceTitle "CBM 189 Extra"]
[Source "ChessBase"]
[SourceDate "2019.05.31"]
[SourceVersion "1"]
[SourceVersionDate "2019.05.31"]
[SourceQuality "1"]
[WhiteTeam "Fundacion La Caja de Canarias II"]
[BlackTeam "Puerto de la Cruz Piratas"]
[WhiteTeamCountry "ESP"]
[BlackTeamCountry "ESP"]

1. e4 e6 2. d4 d5 3. Nd2 Nf6 4. e5 Nfd7 5. c3 c5 6. Bd3 Nc6 7. Ne2 Be7 8. Nf3 h6 9. 0-0 a5 10. b3 0-0 11. Bb1 b5 12. Qd3 f5 13. exf6 Nxf6 14. Qxb5 Qc7 15. Bf4 Bd6 16. Bxd6 Qxd6 17. Qxc5 Qxc5 18. dxc5 Nd7 19. Ned4 Nce5 20. Nxe5 Nxe5 21. Re1 Ng4 22. f3 e5 23. Nc6 Bb7 24. Ne7+ Kf7 25. Ng6 a4 26. b4 Rfd8 27. fxg4 e4 28. Nf4 d4 29. Bxe4 Bxe4 30. Rxe4 dxc3 31. Rc1 Rd2 32. Rxc3 Rxa2 33. Re2 Ra1+ 34. Kf2 a3 35. Rcc2 a2 36. Kg3 Ra3+ 37. Kh4 g5+ 38. Kh5 Rh1 39. h3 a1Q 40. Rcd2 Rd1 0-1

[Event "Tenerife-chT Segunda 1718"]
[Site "Tenerife"]
[Date "2018.03.03"]
[Round "11.4"]
[White "Gil Ojeda, Lucia"]
[Black "Cordero Alamo, Ramon"]
[Result "1/2-1/2"]
[WhiteElo "1397"]
[BlackElo "1394"]
[PlyCount "57"]
[EventDate "2017.11.11"]
[EventType "team-tourn"]
[EventRounds "14"]
[EventCountry "ESP"]
[SourceTitle "EXT 2019"]
[Source "ChessBase"]
[SourceDate "2018.10.10"]
[SourceVersion "1"]
[SourceVersionDate "2018.10.10"]
[SourceQuality "1"]
[WhiteTeam "Fundacion La Caja de Canarias"]
[BlackTeam "Ebano Casa Venezuela"]
[WhiteTeamCountry "ESP"]
[BlackTeamCountry "ESP"]

1. e4 e6 2. d4 d5 3. Nd2 Nf6 4. e5 Nfd7 5. c3 c5 6. Bd3 Nc6 7. Ne2 cxd4 8. cxd4 Be7 9. 0-0 0-0 10. Nf3 f6 11. exf6 Nxf6 12. a3 Bd7 13. Re1 Bd6 14. Bf4 Bxf4 15. Nxf4 Re8 16. Qb1 h6 17. Bg6 Re7 18. Qd3 Qc7 19. Ne5 Nxe5 20. dxe5 Ne4 21. Bxe4 dxe4 22. Qxe4 Rf7 23. Nd3 Raf8 24. Rac1 Bc6 25. Qg4 Qb6 26. Qxe6 Qd4 27. Qc4 Qb6 28. a4 Kh8 29. Rf1 1/2-1/2

[Event "Santa Cruz de Tenerife Trophy"]
[Site "Santa Cruz de Tenerife"]
[Date "2017.03.09"]
[Round "1"]
[White "Gil Ojeda, Lucia"]
[Black "Molina Rodriguez, Borja"]
[Result "0-1"]
[WhiteElo "1480"]
[BlackElo "2169"]
[PlyCount "110"]
[EventDate "2017.03.09"]
[EventType "swiss"]
[EventRounds "9"]
[EventCountry "ESP"]
[SourceTitle "EXT 2018"]
[Source "ChessBase"]
[SourceDate "2017.10.13"]
[SourceVersion "1"]
[SourceVersionDate "2017.10.13"]
[SourceQuality "1"]

1. e4 c5 2. Nf3 Nc6 3. d4 cxd4 4. Nxd4 Nf6 5. Nc3 e5 6. Nf3 Bb4 7. Bd3 d5 8. exd5 Nxd5 9. Bd2 Nxc3 10. Bxc3 Bxc3+ 11. bxc3 Bg4 12. 0-0 0-0 13. Qe2 Qf6 14. Be4 Rac8 15. Qe3 Rfe8 16. Rab1 b6 17. Rfe1 Na5 18. Rb5 g6 19. h3 Nc4 20. Qg5 Qxg5 21. Nxg5 Bd7 22. Rb4 h6 23. Nf3 Nd6 24. Bd5 Rxc3 25. Nxe5 Rxc2 26. Rbb1 Bf5 27. Rbd1 Rc5 28. g4 Bc2 29. Rd2 Kg7 30. Ree2 Be4 31. Bxe4 Nxe4 32. Rxe4 Rexe5 33. Rf4 Rc7 34. Rd3 b5 35. Ra3 Re6 36. h4 a6 37. h5 Rc4 38. Rxc4 bxc4 39. Rc3 Rc6 40. Kg2 Kf6 41. Kf3 Ke5 42. Ke3 Kd5 43. f4 Re6+ 44. Kd2 Kd4 45. g5 gxh5 46. Rh3 hxg5 47. fxg5 Re4 48. Ra3 Rg4 49. Rxa6 c3+ 50. Kc2 Rg2+ 51. Kb3 Rb2+ 52. Ka3 Rb7 53. Rd6+ Ke3 54. Rc6 Kd2 55. Rd6+ Kc1 0-1

[Event "Tenerife-chT Segunda 1617"]
[Site "Tenerife"]
[Date "2017.01.14"]
[Round "3.2"]
[White "Gil Ojeda, Lucia"]
[Black "Riverol Plasencia, Jorge"]
[Result "1/2-1/2"]
[WhiteElo "1452"]
[BlackElo "1656"]
[PlyCount "83"]
[EventDate "2016.12.10"]
[EventType "team-tourn"]
[EventRounds "15"]
[EventCountry "ESP"]
[SourceTitle "CBM 176 Extra"]
[Source "ChessBase"]
[SourceDate "2017.03.02"]
[SourceVersion "1"]
[SourceVersionDate "2017.03.02"]
[SourceQuality "1"]
[WhiteTeam "Cajacanarias II"]
[BlackTeam "Circulo de Amistad II"]
[WhiteTeamCountry "ESP"]
[BlackTeamCountry "ESP"]

1. e4 e6 2. d4 d5 3. Nd2 dxe4 4. Nxe4 Be7 5. Nf3 Nf6 6. Bd3 Nc6 7. c3 b6 8. 0-0 Bb7 9. Re1 Qd7 10. Bf4 0-0-0 11. b4 h6 12. a4 a5 13. b5 Na7 14. Ne5 Qe8 15. Rc1 g5 16. Bg3 Nd5 17. Qf3 f5 18. h3 fxe4 19. Bxe4 Rf8 20. Qg4 Rd6 21. Ng6 Rf4 22. Bxf4 Nxf4 23. Nxf4 Bxe4 24. Rxe4 gxf4 25. Rxe6 Rxe6 26. Qxe6+ Kb8 27. Re1 Nc8 28. Qxh6 Qf7 29. Qe6 Qg7 30. Re4 Bd6 31. Qg4 Qf7 32. h4 Ne7 33. Qd7 Qh7 34. Re1 Qxh4 35. Qd8+ Kb7 36. Re6 f3 37. Rxd6 fxg2 38. Rxb6+ cxb6 39. Qd7+ Kb8 40. Qd8+ Kb7 41. Qd7+ Kb8 42. Qd8+ 1/2-1/2

[Event "Tenerife Navidad op 27th"]
[Site "Tenerife"]
[Date "2016.12.27"]
[Round "7"]
[White "Martinez Rojas, Carlos Jose"]
[Black "Gil Ojeda, Lucia"]
[Result "1-0"]
[WhiteElo "1985"]
[BlackElo "1452"]
[PlyCount "29"]
[EventDate "2016.12.19"]
[EventType "swiss"]
[EventRounds "9"]
[EventCountry "ESP"]
[SourceTitle "CBM 176 Extra"]
[Source "ChessBase"]
[SourceDate "2017.03.02"]
[SourceVersion "1"]
[SourceVersionDate "2017.03.02"]
[SourceQuality "1"]

1. Nc3 f5 2. e4 fxe4 3. d3 Nf6 4. dxe4 d6 5. e5 dxe5 6. Qxd8+ Kxd8 7. Nf3 Nc6 8. Be3 e6 9. Ng5 Ke8 10. 0-0-0 h6 11. Bd3 Be7 12. Bg6+ Kf8 13. Nf7 Rh7 14. Nb5 b6 15. Nxc7 1-0

[Event "Santa Cruz de Tenerife op"]
[Site "Santa Cruz de Tenerife"]
[Date "2016.08.08"]
[Round "1"]
[White "Gil Ojeda, Lucia"]
[Black "Quesada Ventura, Giovanni"]
[Result "0-1"]
[WhiteElo "1255"]
[BlackElo "1876"]
[PlyCount "74"]
[EventDate "2016.08.08"]
[EventType "swiss"]
[EventRounds "9"]
[EventCountry "ESP"]
[SourceTitle "CBM 174 Extra"]
[Source "ChessBase"]
[SourceDate "2016.10.10"]
[SourceVersion "1"]
[SourceVersionDate "2016.10.10"]
[SourceQuality "1"]

1. e4 d6 2. d4 g6 3. Nf3 Bg7 4. Nc3 Nf6 5. Be2 0-0 6. 0-0 Nbd7 7. h3 e5 8. Bg5 exd4 9. Nxd4 h6 10. Be3 Re8 11. Bf3 Nc5 12. Qc1 Kh7 13. Ndb5 Nfxe4 14. Nxe4 Nxe4 15. Nxa7 Bd7 16. Be2 c6 17. c3 b6 18. Nxc6 Bxc6 19. Bc4 Qc7 20. Rd1 Rad8 21. Bf4 b5 22. Bb3 Qa7 23. Rf1 Qb7 24. f3 Nc5 25. Bc2 Re6 26. Re1 Rde8 27. Qd2 Qa7 28. Kh1 Qe7 29. Rxe6 Qxe6 30. Qxd6 Qxd6 31. Bxd6 Na4 32. Rb1 Re2 33. Bxa4 bxa4 34. Ba3 Bd5 35. Rd1 Bxa2 36. Rd7 Be5 37. Rxf7+ Bxf7 0-1

[Event "Santa Cruz de Tenerife op 26th"]
[Site "Santa Cruz de Tenerife"]
[Date "2015.12.29"]
[Round "9"]
[White "Gil Ojeda, Lucia"]
[Black "Febles Dominguez, Alfonso Jesus"]
[Result "1-0"]
[WhiteElo "1104"]
[BlackElo "1351"]
[PlyCount "101"]
[EventDate "2015.12.15"]
[EventType "swiss"]
[EventRounds "9"]
[EventCountry "ESP"]
[SourceTitle "CBM 170 Extra"]
[Source "ChessBase"]
[SourceDate "2016.02.25"]
[SourceVersion "1"]
[SourceVersionDate "2016.02.25"]
[SourceQuality "1"]

1. e4 e5 2. Nf3 Nc6 3. Bc4 d6 4. Nc3 Bg4 5. d3 Nd4 6. Be3 c6 7. h3 Nxf3+ 8. gxf3 Bh5 9. Rg1 Qd7 10. Rg3 g6 11. Qd2 b6 12. f4 0-0-0 13. fxe5 dxe5 14. Ne2 Be7 15. Bg5 Nf6 16. Bxf7 Kc7 17. Qc3 Qd6 18. f4 Qb4 19. Qxb4 Bxb4+ 20. c3 Be7 21. fxe5 Ng8 22. Bxg8 Bxg5 23. Rxg5 Rhxg8 24. Nf4 Kd7 25. Rc1 Rgf8 26. Nxh5 gxh5 27. Rxh5 Rf7 28. Rh6 Ke7 29. d4 Rdf8 30. Rf6 Rxf6 31. exf6+ Rxf6 32. e5 Rf3 33. h4 Rh3 34. Rc2 Rxh4 35. Rg2 Ke6 36. Rg7 a5 37. Rc7 Kd5 38. Rd7+ Kc4 39. Rd6 Kb5 40. b3 c5 41. a4+ Ka6 42. dxc5 Kb7 43. Rxb6+ Kc7 44. e6 h5 45. Kf2 Rh3 46. e7 Kd7 47. Rb7+ Ke8 48. c4 h4 49. c6 Rg3 50. c7 Kd7 51. e8Q+ 1-0

[Event "Santa Cruz de Tenerife op 26th"]
[Site "Santa Cruz de Tenerife"]
[Date "2015.12.28"]
[Round "8"]
[White "Calvo Nobrega, Joaquin Manuel"]
[Black "Gil Ojeda, Lucia"]
[Result "1-0"]
[WhiteElo "1710"]
[BlackElo "1104"]
[PlyCount "69"]
[EventDate "2015.12.15"]
[EventType "swiss"]
[EventRounds "9"]
[EventCountry "ESP"]
[SourceTitle "CBM 170 Extra"]
[Source "ChessBase"]
[SourceDate "2016.02.25"]
[SourceVersion "1"]
[SourceVersionDate "2016.02.25"]
[SourceQuality "1"]

1. e4 c5 2. Nf3 Nc6 3. Bb5 g6 4. 0-0 Bg7 5. c3 Nf6 6. Qe2 0-0 7. Rd1 d6 8. h3 Bd7 9. Na3 Qc7 10. Nc2 a6 11. Bxc6 Bxc6 12. d3 Rfe8 13. Ne3 e6 14. Nh2 d5 15. f3 d4 16. cxd4 cxd4 17. Neg4 Nxg4 18. Nxg4 f5 19. Nf2 Bb5 20. a4 Bd7 21. Bd2 Rac8 22. b4 b6 23. Rdc1 Qd6 24. a5 Rxc1+ 25. Rxc1 b5 26. Qd1 Rc8 27. Rxc8+ Bxc8 28. Qc2 Bd7 29. Qb3 Kh8 30. f4 fxe4 31. Nxe4 Qc7 32. Ng5 e5 33. Nf7+ Kg8 34. Nh6+ Kf8 35. Qf7# 1-0

[Event "Santa Cruz de Tenerife op 26th"]
[Site "Santa Cruz de Tenerife"]
[Date "2015.12.16"]
[Round "2"]
[White "Gil Ojeda, Lucia"]
[Black "Pacheco Yumar, Pedro Javier"]
[Result "1-0"]
[WhiteElo "1104"]
[BlackElo "1441"]
[PlyCount "53"]
[EventDate "2015.12.15"]
[EventType "swiss"]
[EventRounds "9"]
[EventCountry "ESP"]
[SourceTitle "CBM 170 Extra"]
[Source "ChessBase"]
[SourceDate "2016.02.25"]
[SourceVersion "1"]
[SourceVersionDate "2016.02.25"]
[SourceQuality "1"]

1. e4 c5 2. Nf3 Nc6 3. d4 cxd4 4. Nxd4 g6 5. Nc3 Bg7 6. Be3 Nf6 7. Bc4 0-0 8. Bb3 d6 9. f3 Bd7 10. Qd2 Qc7 11. 0-0-0 a6 12. g4 h5 13. gxh5 Nxh5 14. Bh6 b5 15. Bxg7 Kxg7 16. Rhg1 b4 17. Nd5 Qb7 18. Nxc6 Bxc6 19. Nxb4 a5 20. Nxc6 Qxc6 21. Bd5 Qb5 22. Bxa8 Rxa8 23. Qd5 Qxd5 24. Rxd5 Nf4 25. Rd2 Rc8 26. Rg5 a4 27. Ra5 1-0

[Event "Tenerife Autumn op"]
[Site "Tenerife"]
[Date "2015.10.16"]
[Round "3"]
[White "Gil Ojeda, Lucia"]
[Black "Perez Garcia, Jimena"]
[Result "0-1"]
[WhiteElo "1063"]
[BlackElo "1305"]
[PlyCount "116"]
[EventDate "2015.10.14"]
[EventType "swiss"]
[EventRounds "9"]
[EventCountry "ESP"]
[SourceTitle "CBM 169 Extra"]
[Source "ChessBase"]
[SourceDate "2015.12.18"]
[SourceVersion "1"]
[SourceVersionDate "2015.12.18"]
[SourceQuality "1"]

1. e4 c5 2. Nf3 d6 3. c3 Nf6 4. d3 e6 5. Bg5 Be7 6. Nbd2 0-0 7. d4 cxd4 8. Nxd4 e5 9. Nf5 Bxf5 10. exf5 d5 11. g3 h6 12. Bxf6 Bxf6 13. Bg2 e4 14. 0-0 Re8 15. Re1 Bg5 16. h4 Bf6 17. f3 exf3 18. Rxe8+ Qxe8 19. Qxf3 Nc6 20. Qd3 Rd8 21. Bxd5 Ne5 22. Qe4 Qb5 23. c4 Qxb2 24. Nb3 Qc3 25. Rc1 Qxg3+ 26. Qg2 Qxg2+ 27. Kxg2 Bxh4 28. Bxb7 Rd3 29. Kf1 Bg5 30. Rc2 Ng4 31. Re2 Rd1+ 32. Re1 Nh2+ 33. Ke2 Rd7 34. Bd5 Re7+ 35. Kd1 Rd7 36. Kc2 Ng4 37. Re2 Ne3+ 38. Kd3 Nxd5 39. cxd5 Rxd5+ 40. Kc4 Rxf5 41. Re8+ Kh7 42. Ra8 Rf4+ 43. Kc3 Ra4 44. Kb2 Bf6+ 45. Kb1 h5 46. Rf8 Kg6 47. Rh8 h4 48. Rg8 h3 49. Rh8 Rh4 50. Ra8 h2 51. Rxa7 h1Q+ 52. Nc1 Rb4+ 53. Kc2 Rb2+ 54. Kd3 Qf3+ 55. Kc4 Qc3+ 56. Kd5 Rd2+ 57. Nd3 Rxd3+ 58. Ke4 Qd4# 0-1